000
00252nam a2200109Ia 4500
008
220120s9999||||xx |||||||||||||| ||und||
020
_a
9780375801136
100
_a
Holzner, Stweven
_9
11565
245
0
_a
Java 2
260
_b
Toronto
300
_a
105p.
_b
0
999
_c
136585
_d
136585